[Event "2016 Northern Alberta Open"]
[Site "Edmonton"]
[Date "2016.02.27"]
[Round "1.1"]
[White "Koperski, Dustin"]
[Black "Valencia, Belsar"]
[Result "0-1"]
[WhiteElo "1780"]
[BlackElo "2327"]
[PlyCount "38"]
[EventDate "2016.02.27"]
[EventType "swiss"]
[EventRounds "5"]
[EventCountry "CAN"]

1. e4 c5 2. d4 cxd4 3. c3 dxc3 4. Nxc3 Nc6 5. Nf3 d6 6. Bc4 e6 7. O-O Be7 8.
Qe2 Nf6 9. Rd1 e5 10. Be3 O-O 11. Rac1 h6 12. Bc5 Be6 13. Nd5 Bxd5 14. Bxd5
Nxd5 15. Rxd5 Qc8 16. Ba3 Nd4 17. Rxc8 Nxe2+ 18. Kf1 Raxc8 19. Kxe2 Rc2+ 0-1

[Event "2016 Northern Alberta Open"]
[Site "Edmonton"]
[Date "2016.02.27"]
[Round "1.4"]
[White "Haynes, Nicolas"]
[Black "Dave, Bhavik"]
[Result "1-0"]
[WhiteElo "2274"]
[BlackElo "1743"]
[PlyCount "99"]
[EventDate "2016.02.27"]
[EventType "swiss"]
[EventRounds "5"]
[EventCountry "CAN"]

1. Nf3 Nf6 2. d4 g6 3. c4 Bg7 4. g3 d5 5. cxd5 O-O 6. Bg2 Nxd5 7. O-O c6 8. e4
Nb6 9. h3 Be6 10. Nc3 Qd7 11. Kh2 Rd8 12. Qc2 Na6 13. Rd1 f6 14. b3 Rac8 15.
Be3 Nc7 16. Rac1 Bf7 17. Ne1 Na6 18. Nd3 Qc7 19. Qe2 Qb8 20. e5 fxe5 21. dxe5
e6 22. Bg5 Rd7 23. Ne4 h6 24. Bf6 Nd5 25. Nec5 Nxc5 26. Nxc5 Rdc7 27. Bxg7 Kxg7
28. Ne4 Rd8 29. Nd6 Rcd7 30. Bxd5 exd5 31. Qf3 Rf8 32. Qg4 Rxd6 33. exd6 Qxd6
34. Qd4+ Qf6 35. Qxa7 d4 36. Qxd4 Bd5 37. f4 Re8 38. Qxf6+ Kxf6 39. Rd2 b5 40.
Rcc2 Re4 41. Re2 h5 42. Rxe4 Bxe4 43. Rc3 Bd5 44. a4 bxa4 45. bxa4 Ke6 46. a5
Kd6 47. a6 Kc7 48. a7 Kb7 49. Ra3 Ka8 50. g4 1-0

[Event "2016 Northern Alberta Open"]
[Site "Edmonton"]
[Date "2016.02.27"]
[Round "1.5"]
[White "Kroeker, Brad"]
[Black "Gardner, Robert"]
[Result "0-1"]
[WhiteElo "1734"]
[BlackElo "2269"]
[PlyCount "68"]
[EventDate "2016.02.27"]
[EventType "swiss"]
[EventRounds "5"]
[EventCountry "CAN"]

1. d4 Nf6 2. Nf3 e6 3. Bf4 b6 4. e3 Bb7 5. Be2 Be7 6. Nc3 O-O 7. h3 d5 8. g4
Nbd7 9. Qd2 Bb4 10. Bd3 Ne4 11. Bxe4 dxe4 12. Ne5 f6 13. Nxd7 Qxd7 14. O-O-O
Rfd8 15. Qe1 Qc6 16. a3 Bf8 17. Bg3 b5 18. Qe2 Ba6 19. Qe1 b4 20. axb4 Bxb4 21.
h4 Rab8 22. g5 f5 23. Be5 Rb6 24. d5 exd5 25. Bd4 Rb7 26. Qg1 Qe6 27. Qg3 Bd6
28. f4 exf3 29. Qxf3 c5 30. Bxc5 Bxc5 31. Rxd5 Qxe3+ 32. Qxe3 Bxe3+ 33. Kb1
Rxd5 34. Nxd5 Bd4 0-1

[Event "2016 Northern Alberta Open"]
[Site "Edmonton"]
[Date "2016.02.27"]
[Round "1.7"]
[White "Hughey, Leah"]
[Black "Miller, David"]
[Result "0-1"]
[WhiteElo "1715"]
[BlackElo "2239"]
[PlyCount "92"]
[EventDate "2016.02.27"]
[EventType "swiss"]
[EventRounds "5"]
[EventCountry "CAN"]

1. Nf3 Nf6 2. c4 g6 3. Nc3 Bg7 4. d4 O-O 5. e4 d6 6. Be2 Nbd7 7. O-O e5 8. Be3
Qe7 9. Qc2 c6 10. d5 cxd5 11. cxd5 Ng4 12. Bg5 f6 13. Bh4 h5 14. h3 Nh6 15. Qd2
Nf7 16. b4 a6 17. Nd1 g5 18. Bg3 f5 19. exf5 e4 20. Nd4 Qf6 21. Bxh5 Qxd4 22.
Bxf7+ Rxf7 23. Qxd4 Bxd4 24. Rc1 Be5 25. Ne3 Bxg3 26. fxg3 Ne5 27. g4 Bd7 28.
Nc4 Nxc4 29. Rxc4 Bb5 30. Rxe4 Bxf1 31. Kxf1 Raf8 32. g3 Rf6 33. h4 gxh4 34.
gxh4 Rh6 35. h5 Kg7 36. Kg2 Kf6 37. Kg3 Kg5 38. Re7 b5 39. Rg7+ Kf6 40. Ra7 Rc8
41. Rxa6 Kg5 42. Rc6 Rxc6 43. dxc6 d5 44. c7 Rc6 45. h6 Rc3+ 46. Kf2 Rxc7 0-1

[Event "2016 Northern Alberta Open"]
[Site "Edmonton"]
[Date "2016.02.27"]
[Round "1.11"]
[White "Dunne, Eoin"]
[Black "Zeggelaar, Mike"]
[Result "1/2-1/2"]
[WhiteElo "1589"]
[BlackElo "2093"]
[PlyCount "92"]
[EventDate "2016.02.27"]
[EventType "swiss"]
[EventRounds "5"]
[EventCountry "CAN"]

1. d4 Nf6 2. Nf3 g6 3. c4 c5 4. d5 d6 5. Nc3 Bg7 6. g3 O-O 7. Bg2 Na6 8. a3 Bd7
9. O-O Rb8 10. e4 b5 11. e5 Ne8 12. Nxb5 Bxb5 13. cxb5 Rxb5 14. Rb1 dxe5 15.
Re1 f6 16. h4 Nac7 17. Nh2 f5 18. Nf1 e4 19. Ne3 Nf6 20. Qa4 Qb8 21. Bf1 Rb7
22. Bc4 Kh8 23. Rd1 Nb5 24. Bxb5 Rxb5 25. Nc4 Rb3 26. Bf4 Qb5 27. Qxb5 Rxb5 28.
Be5 Rb7 29. d6 exd6 30. Rxd6 Nd7 31. Bxg7+ Kxg7 32. Rbd1 Nb6 33. Na5 Rbf7 34.
Rc6 f4 35. Rxc5 fxg3 36. fxg3 Rf3 37. Rc7+ Kh6 38. Rxa7 Rxg3+ 39. Kh2 Rff3 40.
Rb7 Rh3+ 41. Kg2 e3 42. Rxb6 Rhg3+ 43. Kh2 e2 44. Re1 Rh3+ 45. Kg2 Rhg3+ 46.
Kh2 Rh3+ 1/2-1/2

[Event "2016 Northern Alberta Open"]
[Site "Edmonton"]
[Date "2016.02.27"]
[Round "2.1"]
[White "Valencia, Belsar"]
[Black "Tran-Ly, Tristan"]
[Result "1-0"]
[WhiteElo "2327"]
[BlackElo "2082"]
[PlyCount "99"]
[EventDate "2016.02.27"]
[EventType "swiss"]
[EventRounds "5"]
[EventCountry "CAN"]

1. d4 g6 2. c4 Bg7 3. e4 d6 4. Nc3 e5 5. d5 Nd7 6. Be3 Ne7 7. Qd2 h6 8. O-O-O
f5 9. f3 Nf6 10. h3 Bd7 11. Kb1 a6 12. g4 f4 13. Bf2 Qb8 14. Nge2 b5 15. Nc1
bxc4 16. Bxc4 O-O 17. Nd3 Nc8 18. h4 Nb6 19. Bb3 a5 20. a3 Qe8 21. g5 hxg5 22.
hxg5 Nh5 23. Rc1 Rb8 24. Ka1 Rb7 25. Ba2 Kh7 26. Rh2 Qe7 27. Rg1 Rfb8 28. Qc2
Qe8 29. Rb1 Na4 30. Nxa4 Bxa4 31. Qd2 Bb3 32. Be1 Bxa2 33. Kxa2 Qb5 34. Qc2 Kg8
35. Rc1 Ng3 36. Bxg3 fxg3 37. Rg2 Qa6 38. Qc4 Qa7 39. Rxg3 Rxb2+ 40. Nxb2 Qf2
41. Rc2 Qxg3 42. Qxc7 Rf8 43. Qxd6 Qxg5 44. Qe6+ Rf7 45. Rc8+ Bf8 46. d6 Kg7
47. Rc7 Rxc7 48. dxc7 Qe3 49. c8=Q Qxa3+ 50. Kb1 1-0

[Event "2016 Northern Alberta Open"]
[Site "Edmonton"]
[Date "2016.02.27"]
[Round "2.3"]
[White "Ebrahim-Shirazi, Behrooz"]
[Black "Haynes, Nicolas"]
[Result "1/2-1/2"]
[WhiteElo "2077"]
[BlackElo "2274"]
[PlyCount "99"]
[EventDate "2016.02.27"]
[EventType "swiss"]
[EventRounds "5"]
[EventCountry "CAN"]

1. d4 Nf6 2. c4 e6 3. Nc3 Bb4 4. e3 O-O 5. Bd3 d5 6. a3 Bxc3+ 7. bxc3 c5 8. Ne2
dxc4 9. Bxc4 b6 10. O-O Bb7 11. Bb2 Qc7 12. Bd3 Nbd7 13. Ng3 e5 14. f3 Rad8 15.
Rc1 Rfe8 16. e4 exd4 17. cxd4 Qf4 18. d5 a6 19. Nf5 g6 20. g3 Qb8 21. Nh6+ Kf8
22. Qd2 Ne5 23. Bb1 Ng8 24. Nxg8 Kxg8 25. f4 Nc6 26. Bf6 Rd6 27. Bg5 Nd4 28.
Rce1 Qc8 29. Re3 f6 30. Bh4 f5 31. exf5 gxf5 32. Ba2 Rxe3 33. Qxe3 Bxd5 34.
Bxd5+ Rxd5 35. Re1 Qd7 36. Kg2 Nc2 37. Qe6+ Qxe6 38. Rxe6 Rd2+ 39. Kh3 Nd4 40.
Re8+ Kf7 41. Re7+ Kf8 42. Rxh7 Nf3 43. g4 Rxh2+ 44. Kg3 Rxh4 45. Rb7 fxg4 46.
Rxb6 Rh7 47. Kxg4 Nd4 48. Rb8+ Kf7 49. Rb7+ Kg6 50. Rb6+ 1/2-1/2

[Event "2016 Northern Alberta Open"]
[Site "Edmonton"]
[Date "2016.02.27"]
[Round "2.4"]
[White "Gardner, Robert"]
[Black "Malek, Omid"]
[Result "1/2-1/2"]
[WhiteElo "2269"]
[BlackElo "2028"]
[PlyCount "106"]
[EventDate "2016.02.27"]
[EventType "swiss"]
[EventRounds "5"]
[EventCountry "CAN"]

1. d4 Nf6 2. c4 e6 3. Nc3 Bb4 4. e3 b6 5. Bd3 Bb7 6. f3 c5 7. Nge2 O-O 8. a3
Bxc3+ 9. Nxc3 Nc6 10. d5 Ne5 11. Be2 exd5 12. cxd5 d6 13. O-O a6 14. a4 Qc7 15.
e4 Rfe8 16. Bg5 Ned7 17. Qc2 h6 18. Bh4 Rac8 19. g4 c4 20. g5 hxg5 21. Bxg5 b5
22. axb5 axb5 23. Kh1 b4 24. Nb5 Qb6 25. Na7 Rc7 26. Bxc4 Ra8 27. Nc6 Bxc6 28.
dxc6 Rxa1 29. Rxa1 Qxc6 30. Rc1 Ne5 31. b3 Kf8 32. Qf2 Qd7 33. Be2 Rxc1+ 34.
Bxc1 Kg8 35. Bd2 Qe6 36. Bxb4 Qxb3 37. Bxd6 Ng6 38. Bg3 Qb1+ 39. Qf1 Qb2 40.
Qd1 Nh5 41. Kg2 Nhf4+ 42. Kf1 Kh7 43. Qe1 Kg8 44. Qd1 Kh7 45. Be1 Qf6 46. Qd7
Ne5 47. Qc8 Nxe2 48. Qh3+ Kg8 49. Kxe2 Qa6+ 50. Ke3 Qb6+ 51. Ke2 Qa6+ 52. Ke3
Qb6+ 53. Ke2 Qa6+ 1/2-1/2

[Event "2016 Northern Alberta Open"]
[Site "Edmonton"]
[Date "2016.02.27"]
[Round "2.5"]
[White "Young, Joseph"]
[Black "Peter, Steven"]
[Result "0-1"]
[WhiteElo "1864"]
[BlackElo "2263"]
[PlyCount "85"]
[EventDate "2016.02.27"]
[EventType "swiss"]
[EventRounds "5"]
[EventCountry "CAN"]

1. f4 d5 2. Nf3 g6 3. e3 Bg7 4. d4 Nh6 5. Bd3 O-O 6. Nc3 c5 7. dxc5 Qa5 8. Bd2
Qxc5 9. Rb1 Nc6 10. Na4 Qd6 11. b4 Nd8 12. O-O Ne6 13. c3 Bd7 14. Nb2 a5 15. a3
Rfc8 16. Qe1 axb4 17. axb4 Ra3 18. Nd4 Nxd4 19. exd4 Nf5 20. Kh1 h5 21. Qe2 Ra2
22. Qe1 Bf6 23. Nd1 Bh4 24. Qe2 b6 25. Nb2 Bf6 26. g3 Ra3 27. Nd1 Qe6 28. Qxe6
Bxe6 29. Bb5 Nd6 30. Bd3 Bf5 31. Bxf5 Nxf5 32. Bc1 Ra2 33. Bb2 e6 34. Rf3 Nd6
35. Ra1 Rca8 36. Rxa2 Rxa2 37. Rf2 Kf8 38. Kg1 Ke8 39. Kf1 Kd7 40. h3 Kc6 41.
Rc2 Nc4 42. Ke2 Kb5 43. Kd3 0-1

[Event "2016 Northern Alberta Open"]
[Site "Edmonton"]
[Date "2016.02.27"]
[Round "2.6"]
[White "Miller, David"]
[Black "Fellah, Mohamad"]
[Result "0-1"]
[WhiteElo "2239"]
[BlackElo "1921"]
[PlyCount "52"]
[EventDate "2016.02.27"]
[EventType "swiss"]
[EventRounds "5"]
[EventCountry "CAN"]

1. g3 Nf6 2. Bg2 d5 3. Nf3 c6 4. O-O Bg4 5. h3 Bh5 6. d3 Nbd7 7. Nbd2 e5 8. e4
dxe4 9. dxe4 Bc5 10. Qe2 O-O 11. a4 a5 12. Kh2 Qc7 13. g4 Bg6 14. Nh4 Rfe8 15.
c3 Rad8 16. Nc4 Be7 17. f4 Bxe4 18. g5 Bxg2 19. gxf6 Bxf1 20. Qxf1 Bxf6 21. Nf5
Nb6 22. Nxb6 Qxb6 23. Be3 Qxb2+ 24. Kh1 exf4 25. Bxf4 Qxc3 26. Rc1 Qb3 0-1

[Event "2016 Northern Alberta Open"]
[Site "Edmonton"]
[Date "2016.02.27"]
[Round "2.7"]
[White "Villavieja, Butch"]
[Black "Jawad, Atheer"]
[Result "1-0"]
[WhiteElo "2151"]
[BlackElo "1817"]
[PlyCount "91"]
[EventDate "2016.02.27"]
[EventType "swiss"]
[EventRounds "5"]
[EventCountry "CAN"]

1. e4 c5 2. Nf3 Nc6 3. d4 cxd4 4. Nxd4 e5 5. Nb5 d6 6. N1c3 a6 7. Na3 Be6 8.
Nd5 b5 9. c3 Be7 10. Be3 Rb8 11. Qd2 Nf6 12. Nxf6+ Bxf6 13. Nc2 O-O 14. Be2 Be7
15. O-O f5 16. exf5 Bxf5 17. Qd5+ Kh8 18. Rac1 Qd7 19. Bf3 Rbc8 20. Qd2 e4 21.
Be2 d5 22. Rfd1 Be6 23. Nd4 Nxd4 24. Bxd4 Bd6 25. Re1 Qe7 26. Bf1 Qh4 27. g3
Qh5 28. Qd1 Bg4 29. Be2 Rf3 30. Qd2 Rcf8 31. Bf1 R8f5 32. Be3 Bh3 33. Qe2 Bg4
34. Qd2 Qf7 35. Bg2 Qh5 36. a4 bxa4 37. c4 h6 38. cxd5 Rxd5 39. Qc2 Bb4 40.
Red1 Rxf2 41. Bxf2 Rxd1+ 42. Rxd1 Bxd1 43. Qc8+ Kh7 44. Bxe4+ g6 45. Qb7+ Kg8
46. Bd5+ 1-0

[Event "2016 Northern Alberta Open"]
[Site "Edmonton"]
[Date "2016.02.27"]
[Round "2.8"]
[White "Koneru, Nimai"]
[Black "Nerubenko, Cyril"]
[Result "0-1"]
[WhiteElo "1784"]
[BlackElo "2129"]
[PlyCount "56"]
[EventDate "2016.02.27"]
[EventType "swiss"]
[EventRounds "5"]
[EventCountry "CAN"]

1. d4 Nf6 2. c4 e6 3. Nc3 Bb4 4. Qc2 c5 5. dxc5 Na6 6. Nf3 Nxc5 7. a3 Bxc3+ 8.
Qxc3 b6 9. Bg5 Nce4 10. Bxf6 gxf6 11. Qc2 Bb7 12. e3 f5 13. Be2 Rg8 14. Rg1 Rc8
15. Ne5 Qh4 16. O-O-O Qxf2 17. Nxd7 Qxe3+ 18. Kb1 Nf2 19. Nf6+ Kf8 20. Nxg8 Be4
21. Bd3 Nxd3 22. Ka1 Nf2 23. Qa4 Nxd1 24. Rxd1 Kxg8 25. Qxa7 Ra8 26. Qe7 f4 27.
Rd8+ Rxd8 28. Qxd8+ Kg7 0-1

[Event "2016 Northern Alberta Open"]
[Site "Edmonton"]
[Date "2016.02.27"]
[Round "2.9"]
[White "Pisanski, Piotr"]
[Black "Matras-Clement, Agnieszka"]
[Result "0-1"]
[WhiteElo "1694"]
[BlackElo "2327"]
[PlyCount "44"]
[EventDate "2016.02.27"]
[EventType "swiss"]
[EventRounds "5"]
[EventCountry "CAN"]

1. e4 e5 2. Nf3 Nc6 3. Bb5 a6 4. Ba4 Nf6 5. O-O b5 6. Bb3 Bc5 7. Nxe5 Nxe5 8.
d4 Bxd4 9. Qxd4 d6 10. Bg5 c5 11. Bxf6 Qxf6 12. Qd5 Rb8 13. f4 Ng4 14. e5 Qe7
15. Qf3 c4 16. h3 Nh6 17. Nc3 cxb3 18. axb3 O-O 19. Nd5 Qa7+ 20. Kh1 Be6 21.
exd6 Nf5 22. Nc7 Nxd6 0-1

[Event "2016 Northern Alberta Open"]
[Site "Edmonton"]
[Date "2016.02.27"]
[Round "2.10"]
[White "Zeggelaar, Mike"]
[Black "Chaisson, Terry"]
[Result "1/2-1/2"]
[WhiteElo "2093"]
[BlackElo "1881"]
[PlyCount "62"]
[EventDate "2016.02.27"]
[EventType "swiss"]
[EventRounds "5"]
[EventCountry "CAN"]

1. e4 d5 2. exd5 Nf6 3. c4 c6 4. d4 cxd5 5. Nf3 Bg4 6. Nc3 e6 7. cxd5 Nxd5 8.
Bb5+ Nd7 9. O-O Nxc3 10. bxc3 Be7 11. h3 Bxf3 12. Qxf3 a6 13. Bd3 Qc8 14. d5
Ne5 15. Qe3 Nxd3 16. Qxd3 Qd7 17. Rd1 Qxd5 18. Qxd5 exd5 19. Rxd5 Rd8 20. Rxd8+
Kxd8 21. Be3 Bf6 22. Rd1+ Kc8 23. Kf1 Rd8 24. Rxd8+ Kxd8 25. c4 Kd7 26. Ke2 Kc6
27. a4 Be7 28. Bd4 f6 29. f3 Bc5 30. Bc3 Be7 31. Bd4 Bc5 1/2-1/2

[Event "2016 Northern Alberta Open"]
[Site "Edmonton"]
[Date "2016.02.27"]
[Round "2.11"]
[White "Nguyen, Kim"]
[Black "Yao, David"]
[Result "1-0"]
[WhiteElo "2086"]
[BlackElo "1779"]
[PlyCount "55"]
[EventDate "2016.02.27"]
[EventType "swiss"]
[EventRounds "5"]
[EventCountry "CAN"]

1. e4 e6 2. d4 d5 3. Nd2 Be7 4. e5 c5 5. Qg4 g5 6. dxc5 h5 7. Qe2 Nc6 8. Nb3
Qc7 9. f4 gxf4 10. Bxf4 Bxc5 11. Nxc5 Qa5+ 12. Qd2 Qxc5 13. Nf3 Nge7 14. Bd3
Nb4 15. Be3 Nxd3+ 16. cxd3 Qc7 17. Rc1 Nc6 18. O-O Qa5 19. Qxa5 Nxa5 20. Ng5 d4
21. Bxd4 Nc6 22. Nxf7 Nxd4 23. Nxh8 Ne2+ 24. Kf2 Nxc1 25. Rxc1 Bd7 26. Ng6 Rd8
27. Rc7 Kf7 28. Nf4 1-0

[Event "2016 Northern Alberta Open"]
[Site "Edmonton"]
[Date "2016.02.27"]
[Round "2.12"]
[White "Briones, Dante"]
[Black "Eoin, Dunne"]
[Result "1-0"]
[WhiteElo "2012"]
[BlackElo "1589"]
[PlyCount "87"]
[EventDate "2016.02.27"]
[EventType "swiss"]
[EventRounds "5"]
[EventCountry "CAN"]

1. e4 c5 2. Nf3 d6 3. d4 cxd4 4. Nxd4 Nf6 5. Nc3 a6 6. f4 e6 7. Be2 b5 8. Bf3
e5 9. Nf5 g6 10. fxe5 dxe5 11. Qxd8+ Kxd8 12. Bg5 Nbd7 13. O-O-O Kc7 14. Nh6
Bxh6 15. Bxh6 Bb7 16. a3 Bc6 17. Rhe1 a5 18. Nd5+ Bxd5 19. exd5 Kd6 20. b3 Rhc8
21. Kb2 Rc7 22. Rc1 Nc5 23. g3 Nfd7 24. h4 f6 25. Bg7 Rg8 26. Bh6 Rcc8 27. Bd2
Ra8 28. Rcd1 Rgc8 29. Be2 Ne4 30. Bxb5 Nxd2 31. Rxd2 Rc5 32. c4 Rb8 33. b4 axb4
34. axb4 Rcc8 35. Kb3 h6 36. Ra1 Rxb5 37. cxb5 Rb8 38. Ra6+ Rb6 39. Ka4 Kc7 40.
d6+ Kb7 41. Ka5 e4 42. Rc2 Rxa6+ 43. bxa6+ Kb8 44. b5 1-0

[Event "2016 Northern Alberta Open"]
[Site "Edmonton"]
[Date "2016.02.27"]
[Round "3.1"]
[White "Nerubenko, Cyril"]
[Black "Valencia, Belsar"]
[Result "0-1"]
[WhiteElo "2129"]
[BlackElo "2327"]
[PlyCount "94"]
[EventDate "2016.02.27"]
[EventType "swiss"]
[EventRounds "5"]
[EventCountry "CAN"]

1. e4 c5 2. Nc3 e6 3. Nf3 a6 4. g3 Nc6 5. Bg2 d6 6. O-O Nf6 7. d4 cxd4 8. Nxd4
Bd7 9. a4 Be7 10. Be3 O-O 11. f4 Nxd4 12. Bxd4 Bc6 13. a5 Nd7 14. Qg4 Bf6 15.
Bxf6 Nxf6 16. Qe2 b5 17. axb6 Qxb6+ 18. Kh1 Qxb2 19. Qd3 Qb4 20. e5 Bxg2+ 21.
Kxg2 dxe5 22. fxe5 Rad8 23. Ra4 Rxd3 24. Rxb4 Rxc3 25. exf6 Rxc2+ 26. Kh3 gxf6
27. Rxf6 Kg7 28. Rf3 f5 29. Rb6 Rf6 30. Rb7+ Kg6 31. Rd3 h6 32. Rd6 e5 33. Rbb6
Rxd6 34. Rxd6+ Kg5 35. Rxa6 e4 36. Re6 Re2 37. Re5 Kf6 38. Re8 h5 39. Rh8 Kg6
40. Rg8+ Kf7 41. Rh8 Rf2 42. Rxh5 e3 43. Rh7+ Kf6 44. Rh8 Ke5 45. g4 f4 46.
Re8+ Kf6 47. Re4 e2 0-1

[Event "2016 Northern Alberta Open"]
[Site "Edmonton"]
[Date "2016.02.27"]
[Round "3.3"]
[White "Young, Joseph"]
[Black "Villavieja, Butch"]
[Result "0-1"]
[WhiteElo "1864"]
[BlackElo "2151"]
[PlyCount "52"]
[EventDate "2016.02.27"]
[EventType "swiss"]
[EventRounds "5"]
[EventCountry "CAN"]

1. d4 Nf6 2. Nc3 d5 3. Bg5 Nbd7 4. Nf3 h6 5. Bh4 c6 6. e3 Qb6 7. Rb1 e6 8. Bd3
Bd6 9. O-O Qc7 10. e4 dxe4 11. Nxe4 Nxe4 12. Bxe4 Nf6 13. Bd3 Bd7 14. c4 Ng4
15. Bg3 Bxg3 16. hxg3 O-O 17. Re1 Rad8 18. Ne5 Nf6 19. g4 Bc8 20. Re3 c5 21.
dxc5 Qxc5 22. Qf3 Rd4 23. Qh3 Rfd8 24. f4 Rxd3 25. Nxd3 Rxd3 26. Rbe1 Nxg4 0-1

[Event "2016 Northern Alberta Open"]
[Site "Edmonton"]
[Date "2016.02.27"]
[Round "3.4"]
[White "Matras-Clement, Agnieszka"]
[Black "Ebrahim-Shirazi, Behrooz"]
[Result "1-0"]
[WhiteElo "2327"]
[BlackElo "2077"]
[PlyCount "129"]
[EventDate "2016.02.27"]
[EventType "swiss"]
[EventRounds "5"]
[EventCountry "CAN"]

1. e4 e6 2. d4 d5 3. Nd2 Nf6 4. e5 Nfd7 5. Bd3 c5 6. c3 Nc6 7. Ne2 cxd4 8. cxd4
Nb6 9. O-O Bd7 10. Nf3 a5 11. Nc3 a4 12. Nb5 h6 13. Nc3 Be7 14. Be3 Nb4 15. Be2
a3 16. b3 O-O 17. Qd2 Kh7 18. Ne1 Nc8 19. Nc2 f5 20. exf6 Rxf6 21. Ne4 dxe4 22.
Nxb4 Qa5 23. Nc2 Bd6 24. Qxa5 Rxa5 25. Bd2 Ra8 26. Ne3 Bc6 27. Rac1 Bd5 28. Nc4
Be7 29. Ne5 Nb6 30. Bb5 Bd6 31. Nc4 Bc7 32. Bb4 Bc6 33. Bxc6 bxc6 34. Ba5 Bxh2+
35. Kxh2 Nxc4 36. Rxc4 Rxa5 37. Rxc6 Rd5 38. Rc4 e3 39. Kg1 e2 40. Re1 Rf4 41.
Rxe2 Rfxd4 42. Rxd4 Rxd4 43. f3 Rd1+ 44. Kf2 Kg8 45. Rxe6 Kf7 46. Re2 Kf6 47.
Ke3 Kf5 48. Rd2 Ra1 49. Kd3 Kf4 50. Kc3 Ke3 51. Rc2 h5 52. Kb4 Kd3 53. Rc3+ Kd2
54. Rc7 Rxa2 55. Rxg7 Ra1 56. Ra7 a2 57. Ka3 Kc2 58. Rc7+ Kd3 59. Rh7 Rg1 60.
Kxa2 Rxg2+ 61. Ka3 Ke3 62. Rxh5 Kxf3 63. Re5 Kf4 64. Re8 Rg7 65. b4 1-0

[Event "2016 Northern Alberta Open"]
[Site "Edmonton"]
[Date "2016.02.27"]
[Round "3.5"]
[White "Malek, Omid"]
[Black "Laceste, Loren"]
[Result "0-1"]
[WhiteElo "2028"]
[BlackElo "2280"]
[PlyCount "116"]
[EventDate "2016.02.27"]
[EventType "swiss"]
[EventRounds "5"]
[EventCountry "CAN"]

1. e4 c5 2. c4 Nc6 3. Nc3 g6 4. g3 Bg7 5. Bg2 d6 6. Nge2 a6 7. d3 Rb8 8. a4 Bg4
9. f3 Bd7 10. O-O Nf6 11. Be3 O-O 12. g4 Ne8 13. Rb1 Nc7 14. g5 b5 15. axb5
axb5 16. b3 Nd4 17. Bxd4 cxd4 18. Nd5 Nxd5 19. cxd5 e6 20. dxe6 fxe6 21. Qd2 e5
22. f4 Be6 23. f5 gxf5 24. exf5 Bxf5 25. Bd5+ Kh8 26. Ng3 Bh3 27. Rxf8+ Qxf8
28. Rc1 Rc8 29. Rxc8 Qxc8 30. Kf2 Qf8+ 31. Kg1 e4 32. Bxe4 Be5 33. Qf2 Qc8 34.
Qf7 Qc1+ 35. Nf1 Qxg5+ 36. Kh1 Qg8 37. Qxg8+ Kxg8 38. Kg1 Be6 39. b4 d5 40. Bf3
Kf7 41. Nd2 Bd6 42. Nb3 Bxb4 43. Kg2 Bc3 44. Nc5 Bf5 45. Bxd5+ Ke7 46. Ne4 Bg4
47. Bb3 Be2 48. Bc2 h6 49. h3 Bh5 50. Kg3 Bf7 51. Kf4 b4 52. Ke5 b3 53. Bb1 Bh5
54. Nc5 Bd1 55. Nxb3 Bxb3 56. h4 Kd7 57. Kf5 Kc6 58. Kg6 Bd2 0-1

[Event "2016 Northern Alberta Open"]
[Site "Edmonton"]
[Date "2016.02.27"]
[Round "3.6"]
[White "Briones, Dante"]
[Black "Nguyen, Kim"]
[Result "0-1"]
[WhiteElo "2012"]
[BlackElo "2086"]
[PlyCount "100"]
[EventDate "2016.02.27"]
[EventType "swiss"]
[EventRounds "5"]
[EventCountry "CAN"]

1. e4 c6 2. d4 d5 3. e5 Bf5 4. Bd3 Bxd3 5. Qxd3 e6 6. Nc3 Qb6 7. Nf3 Nd7 8. Be3
Ne7 9. O-O h6 10. a3 Nf5 11. b4 Qc7 12. Bd2 g5 13. h3 Nb6 14. Nh2 Nc4 15. Bc1
Qb6 16. Rd1 Bg7 17. Kh1 Qc7 18. Ne2 a5 19. Rb1 axb4 20. axb4 f6 21. exf6 Bxf6
22. f4 b5 23. Ng4 Be7 24. Nf2 Ra4 25. c3 Ra2 26. Kg1 Rg8 27. Re1 Kd7 28. fxg5
hxg5 29. Ng4 Kc8 30. Rf1 Kb7 31. Rf3 Rg7 32. Ng3 Nh4 33. Rf2 Rxf2 34. Kxf2 Bd6
35. Nh5 Qf7+ 36. Kg1 Qxh5 37. Ra1 Qg6 38. Qe2 Qe4 39. Qf1 Qc2 40. Bxg5 Nf5 41.
Rc1 Qb2 42. Rb1 Qxc3 43. Bf6 Rg6 44. Be5 Nxe5 45. dxe5 Bxb4 46. Qf4 Bc5+ 47.
Kh2 Qd4 48. Qf1 Rxg4 49. hxg4 Qxe5+ 50. Kh3 Qg3# 0-1

[Event "2016 Northern Alberta Open"]
[Site "Edmonton"]
[Date "2016.02.27"]
[Round "3.8"]
[White "Milne, Arthur"]
[Black "Miller, David"]
[Result "0-1"]
[WhiteElo "1771"]
[BlackElo "2239"]
[PlyCount "100"]
[EventDate "2016.02.27"]
[EventType "swiss"]
[EventRounds "5"]
[EventCountry "CAN"]

1. Nf3 Nf6 2. c4 g6 3. Nc3 Bg7 4. g3 O-O 5. Bg2 d6 6. O-O e5 7. d3 Nc6 8. Rb1
a5 9. a3 Nh5 10. Bg5 f6 11. Bd2 f5 12. b4 axb4 13. axb4 Ne7 14. Ne1 c6 15. b5
Be6 16. Nc2 Qd7 17. Nb4 f4 18. Na4 Qc7 19. Na2 g5 20. N2c3 g4 21. Rb4 Nf5 22.
Ne4 Nd4 23. bxc6 bxc6 24. c5 d5 25. Nd6 f3 26. exf3 gxf3 27. Re1 Ne2+ 28. Rxe2
fxe2 29. Qxe2 Nf6 30. Qxe5 Bc8 31. Qg5 Qe7 32. Bf3 h6 33. Qh4 Qe5 34. Kg2 h5
35. Bc3 Qe6 36. h3 Ba6 37. Nb6 Rad8 38. Bxf6 Rxf6 39. Bxh5 Rdf8 40. Rf4 Rxf4
41. gxf4 Bxd3 42. Bg4 Qe1 43. Qg3 Be4+ 44. Bf3 Bxf3+ 45. Qxf3 Qb4 46. Nd7 Rxf4
47. Qh5 Qd4 48. Qe8+ Kh7 49. Qh5+ Bh6 50. Qe2 Qg7+ 0-1

[Event "2016 Northern Alberta Open"]
[Site "Edmonton"]
[Date "2016.02.27"]
[Round "3.11"]
[White "Tran-Ly, Tristan"]
[Black "Pisanski, Piotr"]
[Result "0-1"]
[WhiteElo "2082"]
[BlackElo "1694"]
[PlyCount "80"]
[EventDate "2016.02.27"]
[EventType "swiss"]
[EventRounds "5"]
[EventCountry "CAN"]

1. e4 e5 2. Nf3 Nc6 3. Bc4 Nf6 4. d3 Be7 5. O-O O-O 6. a4 d6 7. Nbd2 Bg4 8. h3
Bh5 9. c3 Kh8 10. a5 Nb8 11. Re1 Nbd7 12. Nf1 c6 13. Ng3 Bg6 14. Nh4 d5 15.
exd5 Nxd5 16. Nhf5 Re8 17. Qf3 Nc7 18. Nxe7 Qxe7 19. Bd2 f6 20. Nf5 Qf8 21. Qg4
Rad8 22. Rad1 Nd5 23. g3 Nc5 24. Kh2 Qf7 25. Qf3 Qd7 26. Nh4 Bf7 27. Bc1 b6 28.
axb6 axb6 29. d4 e4 30. Qe2 Nb7 31. Ng2 Nd6 32. Ba2 f5 33. Bb1 Nf6 34. Qc2 Bh5
35. Rd2 Nc4 36. Rde2 Bxe2 37. Qxe2 Nd6 38. Bg5 b5 39. Nf4 Ra8 40. Bc2 Qf7 0-1

[Event "2016 Northern Alberta Open"]
[Site "Edmonton"]
[Date "2016.02.27"]
[Round "3.14"]
[White "Yao, David"]
[Black "Eoin, Dunne"]
[Result "1-0"]
[WhiteElo "1779"]
[BlackElo "1589"]
[PlyCount "73"]
[EventDate "2016.02.27"]
[EventType "swiss"]
[EventRounds "5"]
[EventCountry "CAN"]

1. Nf3 d5 2. d3 Nf6 3. Nbd2 c5 4. g3 Nc6 5. Bg2 g6 6. e4 dxe4 7. dxe4 e5 8. O-O
b5 9. Qe2 a6 10. a4 Bg4 11. axb5 Nd4 12. Qd3 Qc7 13. Nxd4 cxd4 14. bxa6 Be7 15.
b3 O-O 16. Ba3 Bxa3 17. Rxa3 Rfb8 18. Rfa1 Bd7 19. Qc4 Qb6 20. Bf1 Rc8 21. Qd3
Rc3 22. Qe2 Be6 23. R3a2 Ra7 24. Qe1 Qc6 25. Bd3 Nd7 26. Bc4 Bh3 27. Qe2 Nc5
28. Nb1 Nxe4 29. f3 Qc5 30. fxe4 Re3 31. Qf2 Rxe4 32. Nd2 Re3 33. Ra5 Qb4 34.
Rb5 Qe7 35. Qxf7+ Qxf7 36. Bxf7+ Rxf7 37. a7 1-0